000
00335pam a2200157a 44500
008
230515b2008 xxu||||| |||| 00| 0 eng d
020
_a
NULL
041
_a
ENGLISH
082
_a
5.133
100
_a
HAEWANIO B M
245
_a
PRACTICAL JAVA PROJECT
250
_a
1
260
_a
NULL
_b
NA
_c
2008
300
_a
106
650
_a
NULL
999
_c
636889
_d
636889